Manual del regidor d'hisenda : les principals preguntes / José Antonio Fernández Amor ; revisió de textos: Josep Salom i Ges les principals preguntes / José Antonio Fernández Amor ; revisió de textos:
ISBN:
978-84-935576-8-3
Descripción Física:
85 p. ; 20 cm
Otros Autores:
Salom i Ges, Josep, rev
MARC
| LEADER | 00000nam a2200000Ia 4500 | ||
|---|---|---|---|
| 001 | 21701 | ||
| 008 | 160829s2007 xx 000 0 cat d | ||
| 020 | |a 978-84-935576-8-3 | ||
| 080 | |a M-6-225 | ||
| 100 | |a Fernández Amor, José Antonio |9 46040 | ||
| 245 | |a Manual del regidor d'hisenda : |b les principals preguntes / José Antonio Fernández Amor ; revisió de textos: |b Josep Salom i Ges | ||
| 260 | |a Barcelona : |b Associació Catalana de Municipis i Comarques, |c 2007 | ||
| 300 | |a 85 p. ; |c 20 cm | ||
| 590 | |a Disponible a Internet a: http://www.acm.cat/docs/publi/ManualRegidorHisenda.pdf | ||
| 650 | |a Finances locals |x Catalunya |9 23426 | ||
| 650 | |a Finances locals |x Espanya |9 24153 | ||
| 700 | |a Salom i Ges, Josep, rev. |9 46041 | ||
| 901 | |a Arxiu | ||
| 942 | |n 1 | ||
| 952 | |0 0 |1 0 |4 0 |6 M6225 |7 1 |9 52944 |a Arxiu |b Arxiu |d 2016-12-01 |l 0 |o M-6-225 |p 21701 |r 2016-12-01 00:00:00 |w 2016-12-01 |y ARXIU | ||
| 999 | |c 56793 |d 56793 | ||